Quizzes
Events
Quiz Creation
Community
Videos
Private Events
Remove Ads
Sign In
Join for FREE
Feedback
Dark Mode
Quiz Categories
Sports
Geography
Music
Movies
Television
Just For Fun
Miscellaneous
History
Literature
Language
Science
Gaming
Entertainment
Religion
Holiday
For Kids
Quiz Lab
Recent
Popular Today
Quiz Kudos Today
Editor Picks
Curator Picks
Quizzes by...
Day
Popularity
Type
Ratings
Length
Year
Community
Subscriptions
Recent Discussions
Orange Saloon
Badges
Playlists
Quests
Create
Leaderboards
Showdown
Live 5
Trivia Bingo
Activity
Puzzle Library
Sporcle Events
Private Events
Virtual Trivia
Globe League
Become a Host
Pub Owners
SporcleCon
Opinionation
Our Games
Videos
Blog
Mobile Apps
Partnerships
Remove Ads and Go Orange
Feedback
Music
Pop Music
The Beatles
Song
Album
Lyrics
Bands
Singers
Artist
Clip
Rock
Rap
Classical
Billboard
Country Music
Kpop
Taylor Swift
Music
Pop Music
The Beatles
Song
Album
Lyrics
Bands
Singers
Artist
Clip
Rock
Rap
Classical
Billboard
Country Music
Kpop
Taylor Swift
Random Quiz
Search Sporcle
×
Quiz Lab
Quiz Lab
Music
blink
Type in answers that appear in a list
Type in answers that appear in a list
Classic
Best Score? Go Orange.
Lyrics to I Miss You by Blink 182 Stats
Can you name the Lyrics to I Miss You by Blink 182?
By
chuckbarbaro
6m
148 Questions
9,953 Plays
9,953 Plays
9,953 Plays
Comments
Comments
Give Quiz Kudos
Give Quiz Kudos
-
- Ratings
hide this ad
Replay
Link that replays current quiz
Next Quiz
Link to next quiz in quiz playlist
You Got
0%
They Got
Avg Score
88%
Avg Friend Score
Upgrade to see
Score Distribution
Jump to the score distribution portion of the page
Score
0/148
Timer
06:00
1
Play Today
lyric
% Correct
the
99.6%
the
99.6%
the
99.6%
the
99.6%
the
99.6%
the
99.6%
and
99.6%
and
99.6%
the
99.6%
and
99.6%
and
99.6%
and
99.6%
the
99.6%
and
99.6%
and
99.6%
and
99.6%
the
99.6%
you
98.5%
you
98.5%
you
98.5%
you
98.5%
you
98.5%
you
98.5%
my
98.4%
my
98.4%
in
98.2%
in
98.2%
in
98.2%
in
98.2%
night
97.5%
there
96.2%
hello
96.2%
from
95.6%
from
95.6%
nightmare
95.6%
can
95.5%
can
95.5%
me
95.5%
me
95.5%
on
95.4%
on
95.4%
we
95.3%
we
95.3%
angel
94.7%
of
94.5%
of
94.5%
of
94.5%
like
93%
like
93%
where
92.8%
lyric
% Correct
where
92.8%
jack
92.1%
to
92%
sally
91.9%
this
91.9%
this
91.9%
this
91.9%
this
91.9%
this
91.9%
so
91.8%
so
91.8%
darkness
91.7%
always
91.7%
always
91.7%
darkness
91.7%
time
91.4%
time
91.4%
im
91.1%
live
90.8%
if
90.6%
want
90.5%
shadow
90.4%
your
89.9%
your
89.9%
inside
89.8%
miss
89.8%
miss
89.8%
sorry
89.3%
tonight
89.2%
tonight
89.2%
tonight
89.2%
never
89.1%
never
89.1%
we'll
89%
we'll
89%
we'll
89%
find
89%
christmas
89%
halloween
89%
voice
88.9%
voice
88.9%
are
88.8%
wish
88.6%
wish
88.6%
ends
88.1%
ends
88.1%
valley
87.5%
cannot
87.5%
cannot
87.5%
have
87.4%
lyric
% Correct
sleep
87.3%
background
87.2%
victim
87.1%
dont
87.1%
waste
86.3%
head
85.4%
dream
84.9%
already
83.9%
i
83.5%
I
83.5%
I
83.5%
I
83.5%
I
83.5%
i
83.5%
i
83.5%
unsuspecting
83.2%
you're
81.6%
need
81%
come
80.9%
morgue
80.7%
spiders
80.1%
somebody
78.2%
all
78.1%
every
77.5%
eating
75.7%
creeping
75.6%
haunting
75.5%
call
75.4%
hear
75.1%
their
74.9%
insides
73.6%
stop
73.6%
stop
73.6%
comes
73.4%
pain
73.4%
pain
73.4%
webs
72.6%
treason
72.4%
catching
72.4%
as
72.4%
sick
72%
things
71.7%
strange
71.3%
counted
71.2%
home
70.1%
will
69.6%
indecision
69.6%
stared
63.9%
Quiz Playlist
Details
Report
Send in Message
Add To Playlist
Classic:
Type in answers that appear in a list
Last Updated: Jun 6, 2017
Quiz Scoreboard
CHALLENGE
Sign Up to Join the Scoreboard
Show All
Scores
Hide
Comments
May contain spoilers
Recently Published
College Basketball Coaching Resumes
by pancakes188
Sports
9m
Billboard Blitz: Fleetwood Mac
by CooCooCachoo
Music
15s
Presidents Visiting Landmarks
by Hejman
History
7m
More to Explore
Quiz From the Vault
Featured Blog Post
Where Did the Easter Bunny Come From?
hide this ad
You Might Also Like...
Tags
blink
blink-182
Today's Top Quizzes in Music
Browse Music
hide this ad
Today's Top Quizzes in blink
Browse blink
Top Contributed Quizzes in Music
1
Taylor Swift All Songs (2024)
2
Guess the Artist- 70s Songs
3
7-to-1: Billboard Hot 100 #1 Hits of 2010s
4
Sorting Albums and Songs
5
Taylor Swift Logic Puzzle
6
KPOP LOGIC QUIZ
7
One Thing in Common: Music
8
Guess the Taylor Swift song (Mystery Song)
9
2010s Album by Cover III
10
Guess The Taylor Swift Lyrics Song #1
Explore More
Trending Topics
Marvel
Harry Potter
Anime
Kpop
Disney
NBA
Crossword
Pokémon
Puzzle
WWE
Country
Song
Soccer
NFL
The Office
hide this ad
More By:
chuckbarbaro
Quiz
Plays
Rating
Category
Featured
Created
Lyrics to I Miss You by Blink 182
9,953
4.08
Music
Dec 2, 2010
Lyrics to Blink 182's The Party Song
727
1.14
Music
Dec 2, 2010
Boston Bruins 2010 trivia
342
2.00
Sports
Dec 2, 2010
Boston Bruins word scramble
211
4.50
Sports
Dec 4, 2010
Wilmington Wildcats Hockey (2009)
69
Sports
Dec 2, 2010
Go to Creator's Profile
Score Distribution
Quiz Creator Spotlight
chuckbarbaro
Follow
Send a Message
Quizzes Created
-
Created Quiz Play Count
-
More By This Creator
Popular Quizzes Today
1
Find the US States - No Outlines Minefield
2
Find the Countries of Europe - No Outlines Minefield
3
The Countries of the World
4
Find the US States
5
Risky Map Clicking: Biggest States A-Z
6
US States
7
Popular People in 1961
8
Movies - When Are They Set?
More Music Quizzes
Missing Word: Stuck in the Middle with You, the Third
Quiz Lab
Trending Quizzes
Risky Map Clicking: Least Populous States A-Z
1-10 Letter G Words
1-10 Letter F Words
Risky Map Clicking: Next State Alphabetically
Click the Washington State Counties! (Map)
Recently Updated
Leaping Animals
pecheneg
Reality TV Shows (A-Z)
bhenderson79
Rickey Henderson's Hall of Fame Teammates
pecheneg
Champions League XIs: Arsenal
pecheneg
Quick Pick: Celebrities in WWE's Hall of Fame
aduchscher
A-Z Keypad Blitz II
pecheneg
Multiple Oscar Actors
pecheneg
Mystery Phrase Blitz: Oscar 'Best Actors'
pecheneg
F. Scott Fitzgerald Novels
LTH
Pick 3 Villains
ddd62291
Trending Topics
Disney
NBA
Crossword
Anime
Kpop
Marvel
Harry Potter
Soccer
NFL
Puzzle
Song
Country
WWE
The Office
Pokémon
Your Account Isn't Verified!
In order to create a playlist on Sporcle, you need to verify the email address you used during registration. Go to your
Sporcle Settings
to finish the process.
Report this User
Report this user for behavior that violates our
Community Guidelines
.
Details:
Send Report
Go to the Sporcle.com Mobile Site →
Comments